[Event "FRA-ch U14 Girls"]
[Site "Pau"]
[Date "2015.05.01"]
[Round "7"]
[White "Bellahcene, Meriem"]
[Black "Kuhn, Anna"]
[Result "1-0"]
[WhiteElo "1689"]
[BlackElo "1464"]
[PlyCount "123"]
[EventDate "2015.04.26"]
[EventType "swiss"]
[EventRounds "9"]
[EventCountry "FRA"]
[SourceTitle "CBM 166 Extra"]
[Source "ChessBase"]
[SourceDate "2015.06.18"]
[SourceVersion "1"]
[SourceVersionDate "2015.06.18"]
[SourceQuality "1"]

1. e4 c6 2. d4 d5 3. Nc3 dxe4 4. Nxe4 Nf6 5. Nc5 Qc7 6. Nf3 Bg4 7. Be2 e6 8. Nd3 Be7 9. Nde5 Bh5 10. Ng5 Bxe2 11. Qxe2 0-0 12. Bd2 h6 13. Ngf3 Nbd7 14. 0-0-0 Rfd8 15. Be3 Nd5 16. g4 Nxe3 17. Qxe3 Nxe5 18. Nxe5 Bf6 19. f4 Rd5 20. Kb1 Rad8 21. c3 c5 22. Rd2 cxd4 23. cxd4 Qb6 24. Rhd1 g5 25. Nf3 gxf4 26. Qxf4 Bg7 27. h4 Qd6 28. Qe4 Rb5 29. g5 Qd5 30. Qg4 Qf5+ 31. Qxf5 Rxf5 32. gxh6 Bxh6 33. Rg2+ Kf8 34. Ng5 Bxg5 35. hxg5 Rfd5 36. Rg4 e5 37. Rf1 Rxd4 38. Rxd4 Rxd4 39. g6 Rf4 40. Rg1 fxg6 41. Rxg6 Kf7 42. Rh6 Rg4 43. Kc2 Kg7 44. Re6 Rb4 45. Rxe5 Kf6 46. Re3 Rc4+ 47. Kb3 Rc6 48. a3 Rb6+ 49. Ka2 Re6 50. Rb3 Rb6 51. Rxb6+ axb6 52. Kb3 Ke6 53. Kb4 Kd6 54. Kb5 Kc7 55. b4 Kb8 56. Kxb6 Ka8 57. a4 Kb8 58. a5 Ka8 59. a6 Kb8 60. b5 Ka8 61. axb7+ Kb8 62. Kc6 1-0